01896nkc a2200277za 450000100060000000300040000600500170001000700070002700800410003404000240007524501000009924600680019926000350026730000960030250003100039850004170070850000890112554400760121460000340129061000510132465100180137565500350139371000280142885200120145685601500146884569OSt20260423155940.0kh boc250410s1909 sp ||||| ||||||0| i|spa d cM-RABAaM-RABAbspa00aTrajano hizo construir el Puente de Alcántara en Toledoh[Material gráfico]c/ José Arias aConstrucción del puente de Alcántara por mandato de Trajano b[Hauser y Menet]c, [ca. 1909] a1 fotografíab: gelatina de platac; imagen 14 x 15,7 cmc; soporte secundario 24 x 30 cm aFotografía del relieve "Construcción del puente de Alcántara por mandato de Trajano" de José Arias, obteniendo el primer premios de la Academia en Escultura, de segunda clase en el año 1766. Se conserva en el Museo de la Real Academia de Bellas Artes de San Fernando con nº de inventario E-153. aMontada sobre un soporte secundario de cartón, con texto manuscrito a lápiz en la parte inferior al recto: "Trajano hizo construir el Puente de Alcántara en Toledo. Concurso de 1766. 2ª clase. Premiado D. José Arias, discípulo de Verdiguier, con el 1º Premio de esta clase por falta de votos. Declarado dejado el 2ª premio de la 2ª clase". Nota manuscrita al verso a lápiz rojo: "1766-2ª clase". aFecha probable de la realización de la fotografía realizada por Hauser y Menet.  aArchivo de la Real Academia de Bellas Artes de San Fernando (Le-4-29-1)10aArias, José ded(1743-2788)24aReal Academia de Bellas Artes de San Fernando. 7aMadrid2embne 7aFotografías de obras de arte2 aHauser y Menet (Madrid) jFot-602 3Fot-602uhttps://archivoybiblioteca.realacademiabellasartessanfernando.com/cgi-bin/koha/opac-retrieve-file.pl?id=c13630bdb196b59d05c6f9eede3a15b7